| 000 | 00661nam a2200253 a 4500 | ||
|---|---|---|---|
| 003 | AR-BaBNM | ||
| 005 | 20251128202857.0 | ||
| 008 | 082120s2002 ||||||||||||||000 | spa|| | ||
| 040 | _cAR-BaBNM | ||
| 245 | 0 | 0 | _aCuentos fantásticos argentinos |
| 260 |
_aBuenos Aires _bEmecé _c1960 |
||
| 300 | _a226 p. | ||
| 490 | 0 | _aSelección Emecé de obras contemporáneas | |
| 650 | 4 | _aLITERATURA ARGENTINA | |
| 650 | 4 | _aANTOLOGIAS | |
| 650 | 4 | _aESCRITORES | |
| 650 | 4 | _aCOSTUMBRES Y TRADICIONES | |
| 653 | _aNARRATIVA | ||
| 653 | _aCUENTO FANTASTICO | ||
| 655 | _aLITERATURA | ||
| 700 | 1 |
_aCócaro, Nicolás _ecompilador |
|
| 942 | _cBK | ||
| 998 | _cMARTIN | ||
| 999 |
_c1003 _d1003 |
||